| 000 | 00000nas 2200000za 4500 |
| 001 | 9.826740 |
| 003 | CaOODSP |
| 005 | 20221107144642 |
| 007 | cr ||||||||||| |
| 008 | 161101d19491958oncar p oss f0###a0eng|d |
| 022 | |a0527-5393 |
| 040 | |aCaOODSP|beng |
| 043 | |an-cn--- |
| 086 | 1 |aCS41-209E-PDF |
| 245 | 04|aThe heating and cooking apparatus industry |h[electronic resource]. |
| 260 | |a[Ottawa] : |bDominion Bureau of Statistics, Industry and Merchandising Division, Mining, Metallurgical and Chemical Section, |c[1951]-1961. |
| 310 | |aAnnual |
| 362 | 0 |a1949-1959. |
| 500 | |aDigitized edition from print [produced by Statistics Canada]. |
| 515 | |aIssues for 1949-1950, 1954-1957 called v. 2, pt. 12-F-1; 1951-1953 called v. 2, pt. 10-F-1. |
| 520 | |aPrincipal statistics on number of manufacturing plants, operating costs, number of employees, salaries, cost of fuel and electricity, cost of materials, and value of completed products. |
| 550 | |aIssued 1953-1956 by Metal and Chemical Products Section; 1957-1959 by Industry and Merchandising Division. |
| 580 | |aA part of: Heating and cooking apparatus industry merged with a part of: Electrical apparatus and supplies industry, to become: Manufacturers of major appliances, electric and non-electric (Final). |
| 580 | |aA part of: Heating and cooking apparatus industry merged with a part of: Electrical apparatus and supplies industry, to become: Manufacturers of small electrical appliances. |
| 580 | |aA part of: Heating and cooking apparatus industry merged with a part of: Boilers and plate work industry, to become: Heating equipment manufacturers (Final). |
| 692 | 07|2gccst|aManufacturing industry |
| 692 | 07|2gccst|aCooking |
| 710 | 1 |aCanada. |bDominion Bureau of Statistics. |bMining, Metallurgical and Chemical Section. |
| 710 | 1 |aCanada. |bDominion Bureau of Statistics. |bIndustry and Merchandising Division. |
| 710 | 1 |aCanada. |bDominion Bureau of Statistics. |bMetal and Chemical Products Section. |
| 780 | 00|tThe cooking and heating apparatus industry |w(CaOODSP)9.826738 |
| 785 | 00|tHeating equipment manufacturers |w(CaOODSP)9.827469 |